| 000 | 00495 a2200193 4500 | ||
|---|---|---|---|
| 005 | 20240418120511.0 | ||
| 008 | 240418b |||||||| |||| 00| 0 eng d | ||
| 020 |
_a9789356095427 _cRs. 650.00 |
||
| 040 | _aMAIN | ||
| 082 |
_a621.4021 _bV442E |
||
| 100 | _aVashishth, Ravi Narayan | ||
| 245 | _aEnergy conversion | ||
| 260 |
_bArihant Books _aNew Delhi _c2023 |
||
| 300 | _avi, 276 | ||
| 650 | _aEngineering | ||
| 650 | _aEnergy Conversion | ||
| 650 | _aEnergy Engineering | ||
| 942 | _cBK | ||
| 999 |
_c310861 _d310861 |
||